000 00934nam a2200277 c 4500
003 BLK
005 20180420221458.0
008 180408b bul|||||r ||||||| ||bul||
010 _aKNG00047497000
040 _aBLK
041 _aBUL
_cBUL
080 _aБългарска литература
_b821.163.2
_x-1
_z821.163.2-1
100 1 _aТомов, Владимир
_eпърви автор
_gВладимиров, Владимир Томов
_9252881
139 _aТомов, Владимир
_bТ 70
245 1 0 _aМигове
_bПоезия
_cВладимир Томов.
257 _aBGR
260 Кнежа
_bИзд. авт.
_c2001
_fКнежа : ЕТ Стефан Тишевишки
300 _a55 с.
_c20 см
380 _aX
500 _aПринт. изд.
852 _aЦб 210101
856 4 _qpdf
_u
856 4 _qpdf
_u
942 _cKNG
_n0
944 _aCR
_c01.01.2001
_kЛюдмила_Стоянова
944 _aED
_c18.01.2005
_k
999 _c43751
_d43751